Detalles MARC
| 000 -CABECERA |
| campo de control de longitud fija |
01010nam a2200277 a 4500 |
| 003 - IDENTIFICADOR DEL NÚMERO DE CONTROL |
| campo de control |
DO-SdBNP |
| 005 - FECHA Y HORA DE LA ÚLTIMA TRANSACCIÓN |
| campo de control |
20221110121421.0 |
| 007 - CAMPO FIJO DE DESCRIPCIÓN FÍSICA--INFORMACIÓN GENERAL |
| campo de control de longitud fija |
ta |
| 008 - DATOS DE LONGITUD FIJA--INFORMACIÓN GENERAL |
| campo de control de longitud fija |
091130s2022 dr a a 000 0 spa d |
| 020 ## - NÚMERO INTERNACIONAL ESTÁNDAR DEL LIBRO |
| Número Internacional Estándar del Libro |
9789945933604 |
| 040 ## - FUENTE DE LA CATALOGACIÓN |
| Centro catalogador/agencia de origen |
DO-SdBNP |
| Lengua de catalogación |
spa |
| Centro/agencia transcriptor |
BNPHU |
| 082 ## - NÚMERO DE LA CLASIFICACIÓN DECIMAL DEWEY |
| Número de clasificación |
xxxx |
| Número de documento/Ítem |
M375m |
| 100 ## - ENTRADA PRINCIPAL--NOMBRE DE PERSONA |
| Nombre de persona |
Marte Grullón, Henrry A |
| 9 (RLIN) |
81822 |
| 245 00 - MENCIÓN DE TÍTULO |
| Título |
Mi garabato libro de trazos : |
| Resto del título |
4 años nivel inicial / |
| Mención de responsabilidad, etc. |
Henrry A. Marte Grullón ; coautor José Aníbal Portorreal |
| 246 ## - FORMA VARIANTE DE TÍTULO |
| Título propio/Titulo breve |
Cuaderno de actividades para practicar la escritura : |
| Resto del título |
grafomotricidad |
| 260 ## - PUBLICACIÓN, DISTRIBUCIÓN, ETC. |
| Nombre del editor, distribuidor, etc. |
Impratex, |
| Lugar de publicación, distribución, etc. |
Santo Domingo : |
| Fecha de publicación, distribución, etc. |
2022. |
| 300 ## - DESCRIPCIÓN FÍSICA |
| Extensión |
218 p. : |
| Otras características físicas |
il. ; |
| Dimensiones |
22 cm. |
| 490 ## - MENCIÓN DE SERIE |
| Mención de serie |
Nivel inicial para niños/as de 2 a 5 años |
| 500 ## - NOTA GENERAL |
| Nota general |
Pre-lectura, Pre-escritura, Trazados. |
| 521 ## - NOTA DE PÚBLICO DESTINATARIO |
| Nota de público destinatario |
Dirigido a niños/as de 2 a 5 años |
| 590 ## - NOTA LOCAL (RLIN) |
| Nota local |
Inventariado, 2022 / YL |
| 700 ## - PUNTO DE ACCESO ADICIONAL--NOMBRE DE PERSONA |
| Nombre de persona |
Portorreal, José Aníbal |
| Término indicativo de función/relación |
coautor |
| 9 (RLIN) |
81825 |
| 830 ## - PUNTO DE ACCESO ADICIONAL DE SERIE-TÍTULO UNIFORME |
| Número de parte o sección de la obra |
Nivel inicial para niños/as de 2 a 5 años |
| 9 (RLIN) |
81823 |
| 910 ## - DATOS DE OPCIÓN DEL USUARIO (OCLC) |
| Datos de opción del usuario |
YLockward |
| 942 ## - ELEMENTOS DE PUNTO DE ACCESO ADICIONAL (KOHA) |
| Fuente del sistema de clasificación o colocación |
Dewey Decimal Classification |
| Tipo de ítem Koha |
Libro |